00377nam a2200145Ia 4500008004100000020001500041041001200056082001600068100001500084245006100099260003700160300000800197650001500205700001100220221030s9999 xx 000 0 und d a8176293407 aEnglish a105.23bAry aP. P. Arya 0aResearch Methodology in Management Theory & Case Studies bDeep & Deep PubaNew Delhic2004 a650 aManagement aY. Pal